|
|
|
|
| LEADER |
00000nam2a2200000 4500 |
| 001 |
351338 |
| 005 |
20231102010407.0 |
| 035 |
|
|
|a (RuTPU)RU\TPU\retro\6364
|
| 035 |
|
|
|a RU\TPU\book\298675
|
| 090 |
|
|
|a 351338
|
| 100 |
|
|
|a 20190603d1889 k y0frey50 ba
|
| 101 |
0 |
|
|a fre
|
| 102 |
|
|
|a FR
|
| 105 |
|
|
|a a z 001zy
|
| 200 |
0 |
|
|a Т. 2: Tables numeriques et graphiques
|
| 210 |
|
|
|d 1889
|
| 215 |
|
|
|a XIX, 84 p.
|c il., tabl.
|
| 316 |
|
|
|5 63413507: 36//512
|a На титульном листе владельческая надпись: "Из книг Е. Шере[нчина]"
|
| 316 |
|
|
|5 63413507: 36//512
|a На авантитуле надпись: "От Шере[нчина]. 3 р. (на ава[нт.])"
|
| 316 |
|
|
|5 63413507: 36//512
|a Обложка с золотым тиснением
|
| 316 |
|
|
|5 63413507: 36//512
|a Мраморный обрез
|
| 461 |
|
1 |
|0 (RuTPU)RU\TPU\book\298783
|t Calculs des Ponts Metallques. A une ou Plusieurs Traveers
|o dans 2 vol.
|f M. De Leber
|v Т. 2: Tables numeriques et graphiques
|d 1889
|
| 541 |
1 |
|
|a Т. 2: Числовые таблицы и графики
|z rus
|
| 606 |
1 |
|
|a Мосты
|2 stltpush
|3 (RuTPU)RU\TPU\subj\44505
|9 63821
|
| 610 |
1 |
|
|a мостостроение
|
| 610 |
1 |
|
|a конструкции
|
| 610 |
1 |
|
|a расчеты
|
| 610 |
1 |
|
|a проектирование
|
| 610 |
1 |
|
|a французский язык
|
| 610 |
1 |
|
|a измерения
|
| 610 |
1 |
|
|a динамическая нагрузка
|
| 610 |
1 |
|
|a графики
|
| 610 |
1 |
|
|a числовые таблицы
|
| 610 |
1 |
|
|a уравнения
|
| 610 |
1 |
|
|a номограммы
|
| 610 |
1 |
|
|a владельческая надпись
|
| 675 |
|
|
|a 624.21
|v 3
|
| 801 |
|
1 |
|a RU
|b 63413507
|c 20141113
|
| 801 |
|
2 |
|a RU
|b 63413507
|c 20190603
|g RCR
|
| 942 |
|
|
|c BK
|